00735nam a2200205Ia 4500008004100000020001800041040001400059082002500073100002200098245004600120260002700166300001700193365002600210366000800236505001900244530003000263620014400293630004600437730004600483100315s9999 xx 000 0 und d a07-094237-4  cENGLISH  b8942 a658.407124  a"Hacon, Richard " aPersonal And Organizational Effectiveness bMCGRAW-HILL  c1972  a"VII,303  " eRupees d1 b0.00  f0  gJaya Nikhade  bDonated By RBI Library   a"Organizational Effectiveness, Systematic task performance, focus on Applications in Organizations, Learning and Motivation, RBI Library " aPersonal And Organizational Effectiveness aPersonal And Organizational Effectiveness